Câu đố Thai ở Mỹ Xuyên, Sóc Trăng dưới góc nhìn thi pháp thể loại
Giới thiệu về đố Thai, phân loại đố Thai, các thi pháp thể loại đố Thai về thể thơ, kết cấu lời đố, ngôn ngữ nghệ thuật, giá trị văn hóa và nội dung các câu đố Thai.
Gardado en:
| Autor Corporativo: | |
|---|---|
| Formato: | Libro |
| Idioma: | Undetermined |
| Publicado: |
Hà Nội
Văn hóa Thông tin
2014
|
| Những chủ đề: | |
| Các nhãn: |
Engadir etiqueta
Sen Etiquetas, Sexa o primeiro en etiquetar este rexistro!
|
| Thư viện lưu trữ: | Trung tâm Học liệu Trường Đại học Cần Thơ |
|---|
| LEADER | 01029nam a2200193Ia 4500 | ||
|---|---|---|---|
| 001 | CTU_209878 | ||
| 008 | 210402s9999 xx 000 0 und d | ||
| 082 | |a 398.609597 | ||
| 082 | |b H452 | ||
| 110 | |a Hội văn nghệ dân gian Việt Nam | ||
| 245 | 0 | |a Câu đố Thai ở Mỹ Xuyên, Sóc Trăng dưới góc nhìn thi pháp thể loại | |
| 245 | 0 | |c Trần Phỏng Diều, Trần Minh Thương (Sưu tầm và giới thiệu) | |
| 260 | |a Hà Nội | ||
| 260 | |b Văn hóa Thông tin | ||
| 260 | |c 2014 | ||
| 520 | |a Giới thiệu về đố Thai, phân loại đố Thai, các thi pháp thể loại đố Thai về thể thơ, kết cấu lời đố, ngôn ngữ nghệ thuật, giá trị văn hóa và nội dung các câu đố Thai. | ||
| 650 | |a Văn học dân gian Việt Nam,Folk literature, Vietnamese | ||
| 904 | |i Trần Thị Yến Nhi,Hải | ||
| 980 | |a Trung tâm Học liệu Trường Đại học Cần Thơ | ||